000 01637cam a2200445 a 4500
001 21695
003 VRT
005 20260309093953.0
008 240313s2012 xo a a 000 p slo
015 _aSNBA2013
020 _a9788080465926
_q(viaz.)
035 _a1E37DDCF-9794-46F4-956E-845826514A4B
035 _aurn:nbn:sk:snk-amjm3c
035 _aurn:nbn:sk:snk-am001o8a
039 9 _a202403131521
_bVLOAD
_c202112230803
_dAUTHORITY
_c202112222015
_dAUTHORITY
_c201904150835
_dAUTHORITY
040 _aPPPK
_bslo
_cPPPK
_dSNK
_eAACR2
041 0 _aslo
044 _axo
_cSK
072 7 _a821-93
_xLiteratúra pre deti a mládež (beletria)
_2konspekt
072 7 _a821.162.4-1
_xSlovenská poézia
_2konspekt
080 _a821.162.4-1
_22001
080 _a821.162.4-93
_22001
100 1 _aStarodubcev, Grigorij,
_d1982-
_4aut
245 1 0 _aVeselé básničky pre všetky detičky
_cGrigorij Starodubcev ; ilustroval Ján Vrabec
250 _a1. vyd.
260 _aBratislava
_bPerfekt
_c2012
300 _a48 s.
_bfareb. ilustr.
_c21 cm
650 0 7 _aslovenská poézia
_2SNKPH
650 0 7 _aSlovak poetry
_2SNKPHeng
650 0 7 _apoézia pre deti
_2SNKPH
655 7 _apublikácie pre deti
_2SNKPH
655 7 _aChildren's literature
_2SNKPHeng
700 1 _aVrabec, Ján,
_d1959-
_4ill
942 _2ddc
_cKLDE
_n0
949 _6273K0565640
_asvkpoA 219808
_bsvkpo568341
949 _62889197262
_asavukPV 17304
_bsavuk2013/745
949 _6270001000408643
_asvkbbA 137460
_bsvkbbm 734167
949 _617A1063134
_asnkSC 153260
_bsnk2013/4425
_o553/13
949 _617A1063133
_asnkSC 153260 D1
_bsnk2013/4426
_o553/13
_s6100:20140925
999 _c21695
_d21695